Najpopularniejsze słowa w języku polskim - nagła śmierć - Statystyki

Ogólne statystyki
  • Ten quiz został rozwiązany 72 razy
  • Średni wynik to 7 z 20
Answers on the Grid
Answers color-coded by a green-red scale on the quiz's grid according to % correct below.
bóg
chleb
dokoła
drewno
dzięki
dziesięć
dziewczyna
dzisiaj
gdzie
gdzieś
jednak
lewo
moje
może
muzyka
nadal
natomiast
ni
numer
oczy
około
pies
pod
poniekąd
ponieważ
przeciwko
przenigdy
pytanie
razem
słowo
stary
tak
wcale
włosy
woda
wtedy
z
za
zupełnie
zza
 
Statystyki odpowiedzi
Odpowiedź % Poprawnych
z
70%
tak
69%
za
67%
gdzie
57%
pod
48%
moje
46%
dzięki
44%
może
44%
ponieważ
44%
wtedy
33%
jednak
31%
gdzieś
28%
wcale
24%
razem
22%
dziewczyna
19%
nadal
17%
stary
13%
zupełnie
7%
oczy
4%
włosy
4%
Nie znaleziono quizów pasujących do podanych kryteriów
Rozkład punktacji
Procent ludzi z każdym wynikiem
Percentyl według liczby udzielonych odpowiedzi
Twoja historia wyników
Nie rozwiązałeś tego quizu